แสดงรายละเอียดบรรณานุกรม
  กลับหน้าหลัก

Brief Record : Get Marc (ISO 2709) : E-mail record : QR code ปิดหน้าต่าง
E-books : เกี่ยวกับ Collections
LEADER 00000nam 2200000uu 4500
001    206525
003     ULIBM
008    110922s2550||||th 000 0 tha d
040    ^aBcnkk.
041 0  ^aTha.
060  0 PL 4221 ป349 2550.
100 0  ^a ประมวล พิมพ์เสน.
245 00 ^aผญาห่อโคลง./^bโดย ประมวล พิมพ์เสน.
246 0  ^aบอกลูกหลาน 1.
250    ^aพิมพ์ครั้งที่ 5.
260    ^aขอนแก่น : ^bโรงพิมพ์คลังนานาวิทยา,^c2550.
300    ^aจำนวน 121 หน้า ;^bภาพประกอบ.
650  0 ^aผญา.
650  0 ^aคำกลอน.
710 1  ^aขอนแก่น. ศูนย์การถ่ายทอดภูมิปัญญาไทยภาคตะวันออกเฉียงเหนือ.
999    ^aใช้งานได้ทุกระบบ
รายการนี้ยังไม่มีแท็ก
คุณยังไม่ได้ล็อกอิน คุณสามารถมีกิจกรรมร่วมกับเว็บไซต์ได้ แต่ต้องล็อกอินก่อน ::
  ล็อกอิน
ลำดับที่ ประเภท เลขเรียก สถานที่ สถานะ
1. หนังสือทั่วไป
หนังสือทั่วไป
สถานะ=หนังสือเก่า - บริการ ณ ห้องสมุด (ห้องเหลือง)
PL 4221 ป349 2550  
  
หนังสือทั่วไป On Shelf
  ขอยืม
2. หนังสือทั่วไป
หนังสือทั่วไป
สถานะ=หนังสือเก่า - บริการ ณ ห้องสมุด (ห้องเหลือง)
PL 4221 ป349 2550 ฉ.2 
  
หนังสือทั่วไป On Shelf
  ขอยืม
   [แสดง 2/2 รายการ]

รายการใกล้เคียง
    ผู้แต่ง [ประมวล พิมพ์เสน.]

    หัวเรื่อง [ผญา.]

BibComment


ยังไม่เคยถูกคอมเมนท์

คอมเมนท์ทรัพยากรรายการนี้
  คอมเมนท์: ผญาห่อโคลง โดย ป..
Bib 206525

 
 
 

 Union Library Management : ULibM
Copyright 2026. All Rights Reserved.
скачать бесплатно без регистрации порно красивый секс HD Sex Hindi sex

xxx gou

xxxx

bfxxx

xxxwww

Секса Видео

xxxx

Секса Видео

detube

geilexxx

C99 Shell

worms shell

blod xxx video
Ebony Coed Rihanna Rimes Takes A Dick In Her Young Twat priyaa indian fuck anal and pusssy hardcore indian women xxx desi hardcore fucking part 1 bengalixxxcouple